[Event "45th Olympiad 2024"]
[Site "Budapest HUN"]
[Date "2024.09.22"]
[Round "11.48"]
[Board "3"]
[White "Antoniou, Rafail"]
[Black "Junior, Domingos"]
[Result "0-1"]
[WhiteElo "2007"]
[BlackElo "2183"]
[PlyCount "140"]
[EventDate "2024.09.11"]
[WhiteTeam "Cyprus"]
[BlackTeam "Angola"]
[WhiteTeamCountry "CYP"]
[BlackTeamCountry "ANG"]

1. e4 c6 2. d4 d5 3. Nc3 dxe4 4. Nxe4 Nd7 5. Ng5 Ngf6 6. Bd3 e6 7. N1f3 Bd6 8. Qe2 h6 9. Ne4 Nxe4 10. Qxe4 Nf6 11. Qe2 Qc7 12. O-O Bd7 $146 ({RR} 12... O-O 13. Bd2 c5 14. c3 cxd4 15. cxd4 Qb6 16. Rad1 Bd7 17. Ne5 Ba4 18. b3 Bc6 19. Rfe1 Rad8 20. Bb1 Bb4 21. Bxb4 Qxb4 22. Qe3 Rd6 23. a3 Qb5 24. b4 Rfd8 25. Qf4 Qd5 26. f3 Be8 27. g4 {0-1 Varavin,V (2406)-Zaichko,A RUS-ch sf Ufa 1999 (11)}) ({RR} 12... O-O 13. c4 b6 14. b3 Bb7 15. Bb2 c5 16. dxc5 Bxf3 17. Qxf3 Bxh2+ 18. Kh1 Be5 19. Bxe5 Qxe5 20. cxb6 axb6 21. a4 Qa5 22. Rfd1 Rad8 23. Be2 Nd7 24. Qe3 Nc5 25. Rxd8 Rxd8 26. Rd1 Rxd1+ 27. Bxd1 {½-½ Savchenko,B (2638)-Sasikiran,K (2653) Moscow Aeroflot op-A 9th 2010 (6)}) ({RR} 12... O-O 13. c4 b6 14. b3 c5 15. dxc5 Bxc5 16. Bb2 Bb7 17. Ne5 Rfd8 18. Rad1 a5 19. Kh1 Kh8 20. Bb1 Kg8 21. f3 Rxd1 22. Rxd1 Rd8 23. Rd3 Kf8 24. Qd1 Rxd3 25. Qxd3 Qd6 26. Qxd6+ Bxd6 27. Kg1 {½-½ Pallas,S (2230)-Platz,D (2015) 33rd Staufer-Open 2023 (6.28)}) ({RR} 12... O-O 13. Ne5 c5 14. Ng4 Qe7 15. dxc5 Bxc5 16. Nxf6+ Qxf6 17. Bd2 Qh4 18. Bc3 Qg5 19. Qe4 Qf5 20. Qe2 Qg5 21. g3 Re8 22. Rad1 a6 23. Kg2 e5 24. f4 Qg4 25. f5 Qxe2+ 26. Bxe2 b5 27. Bf3 {1-0 Peat,M (2056)-Giles,Y (1856) London Golders Green op 4th 2014 (6)}) ({RR} 12... b6 13. b3 Bb7 14. c4 O-O-O 15. Bb2 c5 16. dxc5 bxc5 17. Ne5 h5 18. h3 h4 19. Rfe1 Nh5 20. Be4 Bxe5 21. Bxe5 Qe7 22. Rad1 f6 23. Bc3 Nf4 24. Qf3 g5 25. Qe3 Rxd1 26. Rxd1 Rd8 27. Bxb7+ {½-½ Calistri,T (2304)-Arun Prasad,S (2502) FRA-ch blitz 13th 2015 (11)}) 13. Ne5 Bxe5 14. dxe5 Nd5 15. a3 c5 16. c4 Ne7 17. f4 Bc6 18. Be3 b6 19. b4 cxb4 20. axb4 Qb7 21. Bd2 a6 22. b5 axb5 23. cxb5 Rxa1 24. Rxa1 Bd5 25. Ra6 O-O 26. Qf2 Rb8 27. Be3 Nc8 28. h3 Be4 29. Bf1 Qc7 30. Kh2 Qd8 31. Be2 Qc7 32. Ra4 Bd5 33. Ra1 Ne7 34. Ra6 Nc8 35. Qg1 Qc2 36. Bf1 Bc4 37. Bxc4 Qxc4 38. Qb1 Ne7 39. Ra2 Rc8 40. Rf2 Nd5 41. Bd2 Rc5 42. Qa1 Qxb5 43. Qa8+ Kh7 44. f5 exf5 45. Rxf5 Qd7 46. Rf3 Qe6 47. Qb8 Rc8 48. Qd6 Re8 49. Bf4 Nxf4 50. Rxf4 Qxe5 51. Qxe5 Rxe5 52. Rxf7 Kg6 53. Rb7 Rb5 54. Kg3 Rb4 55. Kf3 Kf6 56. Rb8 h5 57. Rf8+ Kg5 58. g3 b5 59. Rf7 Kg6 60. Rb7 Kf6 61. h4 g6 62. Rd7 Rg4 63. Rd5 b4 64. Rd8 Ke5 65. Rd7 Rc4 66. Rg7 Kd4 67. Ke2 Kc3 68. Rxg6 b3 69. Rb6 b2 70. Kd1 Rd4+ 0-1

[Event "45th Olympiad 2024"]
[Site "Budapest HUN"]
[Date "2024.09.22"]
[Round "11.48"]
[Board "4"]
[White "Domingos, Catarino"]
[Black "Kefalas, Loukas"]
[Result "1-0"]
[WhiteElo "2229"]
[BlackElo "1912"]
[PlyCount "73"]
[EventDate "2024.09.11"]
[WhiteTeam "Angola"]
[BlackTeam "Cyprus"]
[WhiteTeamCountry "ANG"]
[BlackTeamCountry "CYP"]

1. Nf3 Nf6 2. g3 d5 3. Bg2 Bg4 4. c4 c6 5. O-O e6 6. d4 Nbd7 7. Bf4 Be7 8. Qb3 Qb6 9. Nc3 O-O 10. c5 Qa6 11. Qc2 Bf5 ({RR} 11... b6 12. b4 bxc5 13. bxc5 Nh5 14. Bd6 Bxd6 15. cxd6 Bxf3 16. Bxf3 Nhf6 17. e4 dxe4 18. Nxe4 Nxe4 19. Bxe4 Nf6 20. Qxc6 Qxc6 21. Bxc6 Rad8 22. d7 Nxd7 23. Rfd1 Nb6 24. a4 Rd6 25. Bf3 g6 26. a5 {½-½ Bayasgalan,K (2174)-Asaka,S (2147) Sydney Chess Championship 2024 (7.2)}) 12. Qd2 b6 13. b4 h6 $146 ({RR} 13... Qa3 14. b5 cxb5 15. Nxb5 Qa4 16. Nc3 Qa5 17. Nh4 Bg6 18. Nxg6 hxg6 19. e4 dxe4 20. Nxe4 Qxd2 21. Nxd2 Nd5 22. Bxd5 exd5 23. Rfe1 Rfe8 24. Rab1 g5 25. c6 Nf8 26. Be3 Ne6 27. a4 Rac8 28. Rec1 {½-½ Kovalev,V (2453)-Zhigalko,A (2576) BLR-ch 78th Minsk 2012 (10)}) ({RR} 13... Ne4 14. Nxe4 Bxe4 15. Rfc1 Qb7 16. Ne5 Bxg2 17. Nxd7 Qxd7 18. Kxg2 Rfc8 19. a4 Bd8 20. Ra2 Bc7 21. Rac2 Bxf4 22. Qxf4 bxc5 23. Rxc5 a6 24. R1c3 h6 25. Qc1 Rcb8 26. Rxc6 Rxb4 27. Rc7 Qxa4 28. Qf4 {1-0 Lobanov,S (2501)-Rozum,I (2529) Chigorin Memorial 28th 2021 (5)}) 14. Rfc1 Qb7 15. Ne1 Rfc8 16. Nd3 a5 17. a3 Qa6 18. Qd1 Bxd3 19. exd3 Ne8 20. Rab1 Bf6 21. Ne2 axb4 22. axb4 b5 23. Be3 Qb7 24. Nf4 g6 25. Qg4 Kh7 26. h4 Ng7 27. Qf3 Nf5 28. Bh3 Nxd4 29. Bxd4 Bxd4 30. Nxd5 Ne5 31. Nf6+ Kg7 32. Qf4 Ra2 33. Ng4 Nxg4 34. Qxd4+ Nf6 35. Ra1 Re2 36. Bf1 Rd2 37. Qc3 1-0

[Event "45th Olympiad 2024"]
[Site "Budapest HUN"]
[Date "2024.09.22"]
[Round "11.49"]
[Board "1"]
[White "Almedina Ortiz, Edgardo J."]
[Black "Wiedenkeller, Michael"]
[Result "1/2-1/2"]
[WhiteElo "2196"]
[BlackElo "2406"]
[PlyCount "79"]
[EventDate "2024.09.11"]
[WhiteTeam "Puerto Rico"]
[BlackTeam "Luxembourg"]
[WhiteTeamCountry "PUR"]
[BlackTeamCountry "LUX"]

1. d4 d5 2. Bf4 c5 3. e3 Nc6 4. Nf3 Nf6 5. c3 Qb6 6. Qb3 c4 7. Qc2 Bf5 8. Qc1 e6 9. h3 h6 10. Nbd2 Rc8 ({RR} 10... Qd8 11. Be2 b5 12. a3 Be7 13. O-O O-O 14. Re1 Qd7 15. Bd1 Rfe8 16. Bc2 Rad8 17. e4 dxe4 18. Nxe4 Nxe4 19. Bxe4 Bxe4 20. Rxe4 Qd5 21. Qe3 Qf5 22. Re1 Rd5 23. g4 Qg6 24. Kh2 Bf8 25. Rg1 {0-1 Kamsky,G (2714)-Ivanchuk,V (2787) Wch Blitz 2nd 2007 (3)}) ({RR} 10... Qd8 11. Be2 Be7 12. O-O O-O 13. b3 b5 14. a4 a6 15. Ne5 Nxe5 16. Bxe5 Nd7 17. Bh2 Qc8 18. Qb2 Qc6 19. Bf3 Bd3 20. Rfc1 f5 21. Ra2 Bd6 22. Bxd6 Qxd6 23. Rca1 Rab8 24. axb5 axb5 25. Ra6 {1-0 Collins,A (2189)-Altini,N (2374) Titled Tue 20th Aug Late 2024 (9)}) 11. Be2 Qd8 $146 ({RR} 11... Be7 12. O-O O-O 13. Re1 Qd8 14. Bd1 b5 15. Bc2 Bxc2 16. Qxc2 b4 17. e4 dxe4 18. Nxe4 Nd5 19. Bh2 Qa5 20. Nfd2 Qa6 21. Nc5 Qb5 22. a4 bxa3 23. Rxa3 Rfd8 24. b3 Bxc5 25. bxc4 Nxd4 26. Qa2 {0-1 Kucera,P (2175)-Handler,L (2418) Teplice op 14th 2019 (8)}) ({RR} 11... Be7 12. Bd1 O-O 13. Bc2 Bd3 14. Bxd3 cxd3 15. O-O Ne4 16. Ne1 Na5 17. Nxd3 Qa6 18. Ne5 g5 19. Bh2 f6 20. Ng6 Rf7 21. Nxe7+ Rxe7 22. f3 Nd6 23. Qc2 Kg7 24. e4 Ndc4 25. Rfe1 Qc6 26. Nf1 {1-0 Markovic,L (2245)-Djuric,Z (2239) Borovo 2nd 2010 (6)}) ({RR} 11... Be7 12. Bd1 O-O 13. Bc2 Rfe8 14. Qb1 Bf8 15. O-O g6 16. Re1 Bg7 17. Re2 Qd8 18. e4 dxe4 19. Nxe4 Nd5 20. Bg3 e5 21. dxe5 Bxe5 22. Rd2 Bxg3 23. Rxd5 Bxf2+ 24. Kxf2 Qe7 25. Rxf5 gxf5 26. Ng3 {1-0 Kovacevic,S (2225)-Guardiola Guillot,L (2021) 55th Mislata Open 2022 (2.6)}) 12. Ne5 Nxe5 13. Bxe5 Bd6 14. f4 Ne4 15. Nxe4 Bxe4 16. Bxd6 Qxd6 17. O-O O-O 18. b4 g5 19. a4 Rc7 20. Ra2 f5 21. Bf3 Bd3 22. Be2 Be4 23. Bf3 Rg7 24. Bxe4 dxe4 25. Qe1 Kh7 26. fxg5 hxg5 27. g3 Kg6 28. Rg2 Rh8 29. h4 Kf6 30. hxg5+ Rxg5 31. Rf4 Qd7 32. Rh4 Rhg8 33. Rh6+ Kg7 34. Rgh2 Qd6 35. R2h3 Kf7 36. Kh2 R8g7 37. R6h5 Rg4 38. R5h4 R4g5 39. Rh5 Rg4 40. R5h4 1/2-1/2

[Event "45th Olympiad 2024"]
[Site "Budapest HUN"]
[Date "2024.09.22"]
[Round "11.49"]
[Board "2"]
[White "Berend, Fred"]
[Black "Rodriguez Santiago, Jaime"]
[Result "1-0"]
[WhiteElo "2230"]
[BlackElo "2002"]
[PlyCount "127"]
[EventDate "2024.09.11"]
[WhiteTeam "Luxembourg"]
[BlackTeam "Puerto Rico"]
[WhiteTeamCountry "LUX"]
[BlackTeamCountry "PUR"]

1. Nf3 Nf6 2. c4 e6 3. g3 d5 4. Bg2 dxc4 5. Qa4+ Nbd7 6. Qxc4 a6 7. O-O c5 8. Qc2 Be7 9. a4 ({RR} 9. Nc3 Ra7 10. d4 b6 11. dxc5 Bxc5 12. Ng5 h6 13. Nge4 Nxe4 14. Nxe4 Be7 15. Bf4 O-O 16. Rfd1 Bb7 17. Rac1 Bd5 18. Bc7 Qa8 19. Bf4 Nc5 20. Rxd5 exd5 21. Nc3 Rd8 22. Rd1 Ne4 23. Rxd5 Nxc3 {0-1 Jones,G (2618)-Krzyzanowski,M (2512) Titled Tue 19th Dec Early 2023 (8)}) 9... O-O 10. d3 Nd5 ({RR} 10... Ra7 11. Nc3 b6 12. h3 Bb7 13. Be3 Qa8 14. Rfb1 Rc8 15. Qd1 Nd5 16. Nxd5 Bxd5 17. d4 c4 18. Ne1 b5 19. axb5 axb5 20. Rxa7 Qxa7 21. Bxd5 exd5 22. Ng2 Nf6 23. Bg5 Ne4 24. Bxe7 Qxe7 25. Nf4 {0-1 Dinu,D (2190)-Le Goff,R (2274) Titled Tue 28th May Early 2024 (3)}) 11. a5 Qc7 $146 ({RR} 11... Nb4 12. Qb3 Nc6 13. Bd2 Nf6 14. Bc3 Nd5 15. Nbd2 Qc7 16. Rfc1 Bd7 17. Nc4 Rad8 18. Nfd2 Kh8 19. Ne3 Nxe3 20. fxe3 Bg5 21. Nc4 e5 22. Kf2 Rde8 23. Qb6 Qb8 24. h4 Bd8 25. Qxc5 Bc7 26. Rg1 {1-0 Eising,J-Schlieder,R DDR-ch06 Final 1955 (8)}) ({RR} 11... Nb4 12. Qa4 b5 13. axb6 Nxb6 14. Qb3 Bb7 15. Nc3 N6d5 16. Bd2 Rb8 17. Rfc1 Nxc3 18. Qxc3 Bd5 19. Bf4 Rb5 20. Qd2 Qa8 21. Be5 Rd8 22. Qf4 f6 23. Bc3 Na2 24. Rd1 a5 25. Ne1 Nxc3 26. bxc3 {1-0 Debarnot,R (2350)-Rodriguez Vargas,O Las Palmas-05 1976 (13)}) 12. Bd2 b5 13. axb6 N5xb6 14. Ba5 Bb7 15. Nbd2 Qb8 16. Rfc1 Rc8 17. Nc4 Nxc4 18. Qxc4 Bd5 19. Qa4 Ra7 20. Bc3 c4 21. Bd4 Bc5 22. e4 Bxd4 23. Nxd4 Qxb2 24. exd5 Qxd4 25. Rxc4 Rxc4 26. dxc4 exd5 27. Bxd5 g6 28. Rd1 Qf6 29. Re1 Qd6 30. Qd1 Qf6 31. Qb1 Qd6 32. Rd1 Qc5 33. Qb2 Rc7 34. Re1 Qf8 35. Re3 Nc5 36. Qe5 Qd8 37. h4 Nd7 38. Qd4 Qf6 39. Qe4 Nf8 40. Rf3 Qd8 41. h5 Re7 42. Qf4 Qe8 43. h6 Re1+ 44. Kg2 Ne6 45. Qd2 Nd8 46. Qc3 Qe5 47. Qa5 Qe7 48. Qxa6 Qe2 49. Rf4 Qf1+ 50. Kh2 Qg1+ 51. Kh3 Qf1+ 52. Bg2 Qe2 53. Qf6 Qe6+ 54. Kh2 Qxf6 55. Rxf6 Kf8 56. Bd5 Ke7 57. Ra6 Re5 58. g4 Ne6 59. Bxe6 Rxe6 60. Rxe6+ Kxe6 61. Kg3 Ke5 62. g5 Kd4 63. Kf4 Kxc4 64. Ke5 1-0

[Event "45th Olympiad 2024"]
[Site "Budapest HUN"]
[Date "2024.09.22"]
[Round "11.49"]
[Board "3"]
[White "Zilleruelo Irizarry, Diego"]
[Black "Berend, Elvira"]
[Result "1/2-1/2"]
[WhiteElo "2041"]
[BlackElo "2219"]
[PlyCount "141"]
[EventDate "2024.09.11"]
[WhiteTeam "Puerto Rico"]
[BlackTeam "Luxembourg"]
[WhiteTeamCountry "PUR"]
[BlackTeamCountry "LUX"]

1. e4 c5 2. Nf3 d6 3. Be2 Nf6 4. c3 g6 5. O-O Bg7 6. Qc2 O-O 7. d4 cxd4 8. cxd4 Nc6 9. Nc3 Bg4 10. Be3 Bxf3 ({RR} 10... Rc8 11. Rfd1 a6 12. h3 Bxf3 13. Bxf3 b5 14. Qd2 Nd7 15. Rac1 Qa5 16. a3 Rfe8 17. b4 Qd8 18. Bg4 h5 19. Be2 Nb6 20. Nd5 Nxd5 21. exd5 Na7 22. g4 Qd7 23. Kg2 hxg4 24. Bxg4 f5 25. Bf3 {1-0 Sokolin,L (2497)-Sapunov,E (2461) Titled Tuesday intern op 23rd Mar blitz 2021 (10)}) 11. Bxf3 e5 12. Rfd1 $146 ({RR} 12. d5 Ne7 13. Bg5 h6 14. Bh4 a6 15. Qd2 Ne8 16. Rac1 g5 17. Bg3 f5 18. h3 f4 19. Bh2 Nf6 20. Qe2 Qe8 21. Kh1 Qg6 22. Rg1 h5 23. Qd3 Kh7 24. g3 Qh6 25. gxf4 gxf4 26. Rg2 Rg8 {0-1 Bataev,N (1273)-Lisenkov,S (1443) RUS Cup U09 final 2019 (6)}) 12... Qa5 13. a3 Rfc8 14. Qb3 Qc7 15. Nb5 Qe7 16. d5 Nd4 17. Nxd4 exd4 18. Bxd4 b6 19. e5 Ne8 20. e6 f5 21. Be2 Bxd4 22. Rxd4 Rc5 23. Bb5 Nc7 24. Bc6 Rf8 25. Qa4 a6 26. b4 Rc3 27. Qd1 Nxe6 28. Rd3 Rxd3 29. Qxd3 Nc7 30. Qd2 Qf6 31. Re1 Rf7 32. Qe3 b5 33. f4 Kf8 34. Qb6 Qc3 35. Qe3 Qf6 36. Kf2 Qh4+ 37. Kg1 Qf6 38. g3 Qb2 39. Re2 Qa1+ 40. Kg2 Qf6 41. Kf2 Qa1 42. Kg2 Qd1 43. Re1 Qc2+ 44. Kh3 Qb2 45. Be8 Rg7 46. Bc6 Rf7 47. Bb7 Kg7 48. Re2 Qa1 49. Kg2 Qd1 50. Qc3+ Kh6 51. Qe1 Qd4 52. Qd2 Qa1 53. Re3 Qb1 54. h3 Kg7 55. Qc3+ Kh6 56. Re2 Qd1 57. Qd2 Qa1 58. Qb2 Qd1 59. Qd2 Qa1 60. Re3 Qb1 61. Re1 Qb3 62. Re3 Qb1 63. g4 fxg4 64. hxg4 Kg7 65. f5 gxf5 66. Re1 Qb3 67. Qg5+ Kh8 68. Qd8+ Kg7 69. Qg5+ Kh8 70. Qd8+ Kg7 71. Qg5+ 1/2-1/2

[Event "45th Olympiad 2024"]
[Site "Budapest HUN"]
[Date "2024.09.22"]
[Round "11.49"]
[Board "4"]
[White "Gengler, Pierre"]
[Black "Boggiano Pereira, Miguel A."]
[Result "1/2-1/2"]
[WhiteElo "2097"]
[BlackElo "2015"]
[PlyCount "85"]
[EventDate "2024.09.11"]
[WhiteTeam "Luxembourg"]
[BlackTeam "Puerto Rico"]
[WhiteTeamCountry "LUX"]
[BlackTeamCountry "PUR"]

1. d4 {Krasenkow,Michal} d5 2. c4 c6 3. Nc3 Nf6 4. Nf3 e6 5. Qc2 Nbd7 6. e3 Bd6 7. Bd3 dxc4 8. Bxc4 b5 9. Bd3 Bb7 10. O-O O-O 11. e4 e5 12. Ne2 ({RR} 12. h3 Re8 ({RR} 12... exd4) ({RR} 12... Qb8) ({RR} 12... h6) ({RR} 12... a6) 13. dxe5 ({RR} 13. Be3 exd4 14. Nxd4 ({RR} 14. Bxd4 b4) 14... Nc5) 13... Nxe5 14. Nxe5 Bxe5 15. Be3 Qe7 ({RR} 15... a6 16. f4 ({RR} 16. Ne2 c5 17. Rad1 c4 18. Bxc4 Qc7 19. Bd3 Qxc2 20. Bxc2 Bxe4) ({RR} 16. Rae1 c5 17. Bxc5 Rc8 18. b4 Nd7 19. Nd5 Nxc5 20. bxc5 Bd4 21. Qb3 Bxc5 22. a4) ({RR} 16. Rad1 Qc7 ({RR} 16... Qe7 17. Ne2 Bd6 18. Nd4 g6 19. Nb3 c5 20. Nxc5 Rac8 21. b4 Nxe4 22. Bxe4 Bxe4 23. Qd2 Rcd8 24. Bd4 Be5) 17. f4 Bxc3 18. bxc3 c5 19. e5 Nd5 ({RR} 19... c4 20. Bf5 g6 21. Bg4 Be4 22. Qd2 Nxg4 23. hxg4 Bd3 24. Rf3 Qe7 25. Bd4 b4 26. cxb4 Qd7 27. Bc3 Qxg4) 20. Bxh7+ ({RR} 20. Bd2 g6) 20... Kh8 21. Rfe1 g6 22. Bxg6 fxg6 23. Qxg6 Re7) 16... Bd4 17. Bxd4 Qxd4+ 18. Kh2 g6 19. e5 Nd5 20. Nxd5 cxd5 21. Rad1 Qb6 22. Rde1 Rac8 23. Qe2 Rc7 24. f5) ({RR} 15... Bd4 16. Bxd4 Qxd4 17. Rad1 Qc5 ({RR} 17... Qb6 18. Kh2 c5 19. Bxb5 Bxe4 20. Qa4 Re6 21. Rfe1 a6 22. Bd7 Nxd7 23. Nxe4 Nf8 24. Qc2 Rae8 25. Re3) 18. Rfe1 a6 19. Qc1 h6 20. Nd5 ({RR} 20. Qf4 Re6) 20... Nxe4 21. Ne7+ Kf8 22. Bxe4 Qxc1 23. Ng6+ fxg6 24. Rxc1 Re6) 16. Rfd1 ({RR} 16. Rae1 a6 17. Ne2 ({RR} 17. Nb1 c5 18. Bxc5 Qc7 19. b4 Rad8 20. Kh1 Qd7 21. Re3 Bf4 22. Rf3 Nxe4 23. Rxf4 Qxd3 24. Qxd3 Rxd3) ({RR} 17. Rd1 Rac8 18. Rfe1 c5) 17... c5 ({RR} 17... Bd6 18. Nd4 g6 19. Nb3 Nd7 20. Na5 Ne5 21. Nxb7 Qxb7 22. Be2 Rac8 23. f4 Nd7 24. Bg4 Rc7 25. e5 Bb4 26. Rd1) 18. Bxc5 Qc7 19. Bd4 Bh2+ 20. Kh1 Nxe4 21. Rc1 Qd6 22. Rfd1 Rac8 23. Nc3 Qb8) ({RR} 16. Ne2 Bc7 ({RR} 16... Rad8 17. Rad1 Bc7 18. Bc5) 17. Rad1 ({RR} 17. Ng3 Bxg3 18. fxg3 Nxe4 19. Rf4 Ng5 20. Re1 g6 21. Rff1 Ne6 22. a3 Red8 23. Kh2 a5 24. Bb6 Rd7 25. a4 Rd5 26. Qc3 b4 27. Qc2 Rxd3 28. Qxd3 Ba6 29. Qf3 Bxf1 30. Rxf1 Qb7) ({RR} 17. Nd4 Nxe4 18. Rfd1 Qe5 19. Nf3 Qe7 20. Bxe4 Qxe4 21. Qxe4 Rxe4 22. Rd7 Rc8 23. Bxa7 Re2) ({RR} 17. Bc5 Qe5 18. f4 Qxc5+ 19. Qxc5 Bb6 20. Qxb6 axb6 21. e5 Nd5 22. Ng3 Rad8 23. Be4 f6) 17... Bb6 ({RR} 17... Nxe4) 18. Nd4 Qc7 ({RR} 18... Nxe4 19. Rfe1 Bxd4 20. Bxd4 f5 ({RR} 20... c5 21. Bxb5 cxd4 22. Bxe8 Rxe8 23. f3) 21. f3 c5 22. Bf2 c4 23. Bf1) 19. Rfe1 Rad8 20. Nf3 c5 21. Bxb5 Bxe4 22. Qe2 Rxd1 23. Rxd1 Re7 24. Ng5 Ba8 25. Bf4) ({RR} 16. Rfe1 a6 17. Ne2 Bd6 ({RR} 17... c5) 18. Nd4 Bb4 19. Nf5 Qe6 20. Bd2 c5 21. Bxb4 cxb4 22. e5) ({RR} 16. a4 Bxc3 17. bxc3 Nxe4 18. Rfe1 Qh4 19. axb5 cxb5 20. Bxb5 Rec8 21. Bd4 Nd6 22. Bf1 ({RR} 22. Bd3) 22... Qxd4) 16... a6 17. Ne2 c5 18. Bxc5 Qc7 19. f3 Bxb2 20. Qxb2 Qxc5+ 21. Qd4 Qe7 22. Bc2 Bd5 ({RR} 22... Rac8 23. Bb3 a5) 23. exd5 Qxe2 24. Bb3 ({RR} 24. Rac1) 24... a5 25. d6 a4 ({RR} 25... Rad8 26. Rac1 a4 27. Bc2) 26. Bd5 Rac8 {1-0 Topalov,V (2791)-Aronian,L (2757) Nanjing Pearl Spring 1st 2008 (6)} ({RR} 26... Nxd5 27. d7 Red8 28. Qxd5)) ({RR} 12. dxe5) 12... Re8 ({RR} 12... Rc8 13. Rd1 Qc7 14. dxe5 Nxe5 15. Nxe5 Bxe5 16. f4 Bd6 17. e5 Qb6+ 18. Kh1 Ng4 19. Nd4 Bc5 20. Bxh7+ Kh8 21. Bf5 Bxd4 22. Bxg4 Rcd8 23. Rd3 g6 24. f5 Bxe5 25. fxg6 fxg6 26. Bh6 Qf2 27. Qxf2 {1-0 Shi,J (2124)-Logozar,E (2036) Titled Tuesday intern op 21st April blitz 2020 (8)}) 13. Bg5 Qb6 $146 ({RR} 13... c5 14. dxe5 Nxe5 15. Bxb5 Bxe4 16. Qxe4 Nxe4 17. Bxd8 Rexd8 18. Nxe5 Bxe5 19. Bc6 Nd2 20. Bxa8 Nxf1 21. Kxf1 Rxa8 22. Rc1 Rd8 23. f4 Bxb2 24. Rxc5 g6 25. a4 Ba3 26. Rc7 Bb4 27. g4 a5 28. Kf2 {0-1 Marichal Gonzalez,A (2010)-Abreu Delgado,A (2320) Union de Reyes 1997}) ({RR} 13... h6 14. Bh4 Qc7 15. dxe5 Bxe5 16. Nxe5 Qxe5 17. f3 Qc5+ 18. Qxc5 Nxc5 19. Bc2 Ne6 20. Rad1 Rad8 21. Bb3 c5 22. Bxe6 fxe6 23. Bf2 Rxd1 24. Rxd1 Rc8 25. Nf4 Kf7 26. Rd6 e5 27. Nd3 Ke7 28. Bxc5 {1-0 Szollosi,L (2245)-Vajda,S (2375) HUN-chT 0910 2009 (7)}) ({RR} 13... Qc7 14. dxe5 Nxe5 15. Nxe5 Rxe5 16. Bxf6 gxf6 17. f4 Ree8 18. Kh1 Kh8 19. Qc3 Re6 20. Nd4 Ree8 21. Nf5 Be7 22. e5 b4 23. Qb3 Bf8 24. Bc4 Bc8 25. Ng3 fxe5 26. Bxf7 Re7 27. fxe5 Qxe5 28. Bc4 {½-½ Gunina,V (2528)-Fridman,D (2647) Vladimir Petrov Memorial blitz op 2015 (10)}) 14. dxe5 Nxe5 15. Nxe5 Bxe5 16. Be3 Qc7 17. h3 Red8 18. Rad1 c5 19. Qxc5 Qxc5 20. Bxc5 Nxe4 21. Be7 Re8 22. Ba3 a6 23. f3 Nf6 24. b3 Nd5 25. Be4 Rad8 26. Bc5 g6 27. f4 Bg7 28. Bf3 Ba8 29. Rd3 Nf6 30. Rxd8 Rxd8 31. Bxa8 Rxa8 32. Rd1 Ne4 33. Bb6 Bf6 34. g4 h6 35. Kg2 Rb8 36. Be3 Be7 37. Kf3 Nf6 38. Rc1 Nd5 39. Bd4 Ba3 40. Rc6 Nb4 41. Rd6 Rc8 42. Bf6 Nc6 43. Rd7 1/2-1/2

[Event "45th Olympiad 2024"]
[Site "Budapest HUN"]
[Date "2024.09.22"]
[Round "11.50"]
[Board "1"]
[White "Ferster, Fabian"]
[Black "Bagheri, Amir"]
[Result "1/2-1/2"]
[WhiteElo "2184"]
[BlackElo "2372"]
[PlyCount "75"]
[EventDate "2024.09.11"]
[WhiteTeam "Liechtenstein"]
[BlackTeam "Monaco"]
[WhiteTeamCountry "LIE"]
[BlackTeamCountry "MNC"]

1. c4 c6 2. g3 d5 3. Nf3 Nf6 4. Bg2 Bf5 5. Qb3 Qb6 6. d3 dxc4 7. Qxc4 Nbd7 8. Nc3 e6 9. O-O Qb4 10. Qxb4 Bxb4 11. Nh4 $146 ({RR} 11. a3 Be7 12. b4 a6 13. Nd4 Bg6 14. Nb3 O-O 15. Na5 Rab8 16. Bd2 Rfe8 17. Rfc1 e5 18. h3 Bd6 19. e4 Nb6 20. Be3 Nfd7 21. d4 exd4 22. Bxd4 f6 23. Rd1 Bc7 24. Rac1 Bf7 25. Nd5 Nxd5 {1-0 Hillarp Persson,T (2513)-Strand,V (2026) Fagernes GM Open 2023 (4.26)}) 11... Bg6 12. a3 Be7 13. Nxg6 hxg6 14. b4 a6 15. Bd2 Nb6 16. Rab1 Nfd5 17. Ne4 Na4 18. Nc5 Nxc5 19. bxc5 O-O-O 20. Rfc1 Rd7 21. Rb3 Kb8 22. d4 Ka7 23. Rcb1 Bd8 24. e4 Nf6 25. d5 Be7 26. dxc6 bxc6 27. Be3 Ng4 28. e5 Rc8 29. Bd4 Rcc7 30. h3 Nh6 31. Rb6 Rxd4 32. Bxc6 Bxc5 33. Rb7+ Rxb7 34. Rxb7+ Ka8 35. Rb5+ Ka7 36. Rb7+ Ka8 37. Rb5+ Ka7 38. Rb7+ 1/2-1/2

[Event "45th Olympiad 2024"]
[Site "Budapest HUN"]
[Date "2024.09.22"]
[Round "11.50"]
[Board "2"]
[White "Efimov, Igor"]
[Black "Krieger, Markus"]
[Result "1-0"]
[WhiteElo "2338"]
[BlackElo "2153"]
[PlyCount "163"]
[EventDate "2024.09.11"]
[WhiteTeam "Monaco"]
[BlackTeam "Liechtenstein"]
[WhiteTeamCountry "MNC"]
[BlackTeamCountry "LIE"]

1. Nf3 d5 2. g3 g6 3. Bg2 Bg7 4. d4 Nf6 5. O-O Nbd7 6. b3 O-O 7. Bb2 Ne4 8. c4 c6 9. e3 Ndf6 ({RR} 9... a5 10. Ne1 a4 11. Nd3 axb3 12. axb3 Rxa1 13. Bxa1 Qa5 14. Bb2 Ndf6 15. c5 Ng4 16. Qe2 Bh6 17. Bc1 Qa1 18. Qb2 Qa6 19. Rd1 Bf5 20. Bf1 Ng5 21. Ne1 Qa5 22. b4 Qa8 23. f3 Nf6 24. h4 {1-0 Carlsen,M (2840)-Gupta,A (2645) PRO League Stage rapid 2017 (6)}) 10. Qe2 ({RR} 10. Nc3 Nxc3 11. Bxc3 Ne4 12. Bb2 Bg4 13. h3 Bd7 14. Qe2 Qc8 15. Kh2 Qb8 16. Rac1 a5 17. cxd5 cxd5 18. Ne5 Be8 19. Qc2 Bb5 20. Rfd1 Rc8 21. Qxc8+ Qxc8 22. Rxc8+ Rxc8 23. Bxe4 dxe4 24. Rc1 Rxc1 {0-1 Moksh,A (2388)-Kilic,E (2415) Titled Tue 7th Feb Early 2023 (9)}) 10... Be6 11. Na3 $146 ({RR} 11. Ne5 Qc8 12. cxd5 Bxd5 13. f3 Nd6 14. Nc3 Be6 15. Rac1 Bh3 16. Rfd1 Bxg2 17. Kxg2 Qf5 18. e4 Qg5 19. h4 Qh5 20. g4 Qxh4 21. Rh1 Qg5 22. f4 Qxf4 23. Rcf1 Nh5 24. Rxh5 Qxf1+ 25. Qxf1 gxh5 {1-0 Travadon,L (2456)-Ruble,L (2002) FRA-ch U18 Hyeres 2019 (3)}) 11... h5 12. Nc2 Bg4 13. Qe1 Bxf3 14. Bxf3 Qb6 15. Be2 Qc7 16. Rc1 e6 17. Nb4 Bh6 18. Nd3 Kg7 19. Ne5 Nd7 20. Bd3 f5 21. cxd5 exd5 22. Rc2 Kh7 23. f3 Ng5 24. b4 a6 25. a4 Ne6 26. h3 Nxe5 27. dxe5 Bg7 28. f4 Qd7 29. g4 Qf7 30. Qh4 Rad8 31. Rg2 Bh6 32. gxf5 gxf5 33. Be2 Rg8 34. Rff2 Rxg2+ 35. Rxg2 Rg8 36. Bxh5 Rxg2+ 37. Kxg2 Qg7+ 38. Qg3 Bxf4 39. Qxg7+ Kxg7 40. Kf3 Bg5 41. Be8 Be7 42. Bd7 Kf7 43. Bc8 b6 44. Bxa6 Bxb4 45. Bb7 Nd8 46. Bc8 Ne6 47. h4 Be7 48. h5 Bg5 49. Bxe6+ Kxe6 50. Bd4 c5 51. Bxc5 bxc5 52. a5 c4 53. Ke2 d4 54. exd4 f4 55. a6 f3+ 56. Kxf3 c3 57. a7 c2 58. a8=Q c1=Q 59. Qg8+ Ke7 60. Qg7+ Ke8 61. Qg6+ Kd8 62. Qd6+ Ke8 63. e6 Qd1+ 64. Ke4 Qc2+ 65. Kd5 Qg2+ 66. Kc4 Qc2+ 67. Kb5 Qb3+ 68. Ka6 Qc4+ 69. Kb7 Qb3+ 70. Qb6 Qe3 71. d5 Qe4 72. Qc6+ Kf8 73. Kc8 Be7 74. Kd7 Qh4 75. d6 Qf6 76. Qa8+ Kg7 77. dxe7 Qd4+ 78. Ke8 Kh6 79. Qf3 Qa4+ 80. Kf8 Qb4 81. Kf7 Qb2 82. Qf6+ 1-0

[Event "45th Olympiad 2024"]
[Site "Budapest HUN"]
[Date "2024.09.22"]
[Round "11.50"]
[Board "3"]
[White "Heron, Andrew"]
[Black "Levacic, Damir"]
[Result "1-0"]
[WhiteElo "2026"]
[BlackElo "2097"]
[PlyCount "63"]
[EventDate "2024.09.11"]
[WhiteTeam "Liechtenstein"]
[BlackTeam "Monaco"]
[WhiteTeamCountry "LIE"]
[BlackTeamCountry "MNC"]

1. e4 g6 2. d4 Bg7 3. Nf3 d6 4. Be2 Nf6 5. Nc3 O-O 6. O-O c6 7. h3 Qc7 8. Be3 e5 9. Qd2 Re8 10. dxe5 dxe5 11. Rad1 Nbd7 12. a4 Nf8 $146 ({RR} 12... Qa5 13. Nd5 Qxd2 14. Nxf6+ Nxf6 15. Nxd2 Be6 16. f3 Red8 17. Nc4 Bxc4 18. Bxc4 Bf8 19. Bg5 Bc5+ 20. Kh2 Be7 21. f4 exf4 22. Bxf4 Rxd1 23. Rxd1 Rd8 24. Rxd8+ Bxd8 25. Bd3 Bb6 26. g4 Nd7 27. b4 {1-0 Menon,D (2062)-Barrionuevo,P (2239) Moron FAOGBA-ch 2004 (7)}) 13. Bc5 Nh5 14. Qe3 b6 15. Bd6 Qb7 16. a5 Nf4 17. Bc4 b5 18. Bb3 Be6 19. Bxe6 Rxe6 20. g3 Nh5 21. Rd2 Rd8 22. Rfd1 Ree8 23. Na2 f6 24. Nb4 Ne6 25. Bc5 Rxd2 26. Rxd2 Qc8 27. Bxa7 Bf8 28. c3 Nd4 29. cxd4 Qxh3 30. Nxc6 Nf4 31. gxf4 Bh6 32. Nfxe5 1-0